[Event "Titled Tuesday intern op 31st Aug"]
[Site "Chess.com INT"]
[Date "2021.08.31"]
[Round "5"]
[White "Pavlovic, Dejan S"]
[Black "Kim, Sergey2222"]
[Result "1-0"]
[WhiteElo "2370"]
[BlackElo "2295"]
[PlyCount "141"]
[EventDate "2021.08.31"]
[EventType "swiss (blitz)"]
[EventRounds "11"]
[EventCountry "USA"]
[SourceTitle "EXT 2022"]
[Source "ChessBase"]
[SourceDate "2021.10.06"]
[SourceVersion "1"]
[SourceVersionDate "2021.10.06"]
[SourceQuality "1"]

1. e4 e5 2. Nf3 Nc6 3. Nc3 Nf6 4. Bb5 Bb4 5. 0-0 0-0 6. d3 d6 7. Bg5 Bxc3 8. bxc3 Qe7 9. Re1 Nd8 10. d4 Ne6 11. Bd2 c6 12. Bd3 Qc7 13. Nh4 c5 14. d5 Nd8 15. h3 Ne8 16. Qf3 g6 17. Bh6 Ng7 18. Qf6 Nh5 19. Qg5 f6 20. Qe3 Ng7 21. f4 exf4 22. Qxf4 Nf7 23. Qd2 Ne5 24. Rf1 Qe7 25. Nf3 Bd7 26. Nxe5 fxe5 27. Bg5 Qe8 28. Be2 Qc8 29. Rxf8+ Qxf8 30. Rf1 Qe8 31. c4 Rc8 32. Qe3 Rc7 33. Rf6 Bc8 34. Rxd6 b6 35. Rf6 Rf7 36. Qf2 Bd7 37. Rxf7 Qxf7 38. Qf6 Qe8 39. Bh6 Qf7 40. Qxe5 Ne8 41. Bf3 b5 42. cxb5 Bxb5 43. Qb8 a6 44. e5 Qf5 45. e6 g5 46. Qd8 Qxc2 47. Qxg5+ Qg6 48. Qxg6+ hxg6 49. Bf4 Bc4 50. a4 Bb3 51. a5 Nf6 52. d6 Bxe6 53. Bb7 Bc4 54. Be3 Nd7 55. Bc8 Bb5 56. Bxd7 Bxd7 57. Bxc5 Kf7 58. Kf2 Ke6 59. Ke3 Kd5 60. Ba3 Ke5 61. g4 Kd5 62. Kf4 Ke6 63. Kg5 Kf7 64. h4 Be6 65. h5 gxh5 66. gxh5 Bd7 67. h6 Kg8 68. Kf6 Kf8 69. Bc1 Kg8 70. Ke7 Bb5 71. d7 1-0

[Event "Titled Tuesday intern op 31st Aug"]
[Site "Chess.com INT"]
[Date "2021.08.31"]
[Round "11"]
[White "Pavlovic, Dejan S"]
[Black "Pajeken, Jakob Leon"]
[Result "1-0"]
[WhiteElo "2370"]
[BlackElo "2357"]
[PlyCount "59"]
[EventDate "2021.08.31"]
[EventType "swiss (blitz)"]
[EventRounds "11"]
[EventCountry "USA"]
[SourceTitle "EXT 2022"]
[Source "ChessBase"]
[SourceDate "2021.10.06"]
[SourceVersion "1"]
[SourceVersionDate "2021.10.06"]
[SourceQuality "1"]

1. e4 d6 2. d4 Nf6 3. Nc3 e5 4. Nf3 Nbd7 5. Bc4 Be7 6. 0-0 0-0 7. Re1 c6 8. a4 h6 9. Ba2 Re8 10. h3 Bf8 11. a5 exd4 12. Nxd4 Nc5 13. Qf3 d5 14. e5 Nfd7 15. Bf4 Ne6 16. Nxe6 fxe6 17. Qg3 Kh8 18. Ne2 Qe7 19. c4 Qf7 20. cxd5 cxd5 21. h4 b6 22. Bb1 Rd8 23. Bg6 Qg8 24. Bg5 Bb4 25. Rec1 Rf8 26. axb6 Nxb6 27. Nf4 Nc4 28. Rxc4 dxc4 29. Be4 Rb8 30. Ng6+ 1-0

[Event "Titled Tuesday intern op 31st Aug"]
[Site "Chess.com INT"]
[Date "2021.08.31"]
[Round "9"]
[White "Pavlovic, Dejan S"]
[Black "Suvorov, Luca"]
[Result "1-0"]
[WhiteElo "2370"]
[BlackElo "2292"]
[PlyCount "53"]
[EventDate "2021.08.31"]
[EventType "swiss (blitz)"]
[EventRounds "11"]
[EventCountry "USA"]
[SourceTitle "EXT 2022"]
[Source "ChessBase"]
[SourceDate "2021.10.06"]
[SourceVersion "1"]
[SourceVersionDate "2021.10.06"]
[SourceQuality "1"]

1. e4 e5 2. Nf3 d5 3. exd5 e4 4. Qe2 f5 5. d3 Nf6 6. dxe4 fxe4 7. Nc3 Bb4 8. Bd2 0-0 9. Ng5 e3 10. fxe3 Nxd5 11. Nxd5 Bxd2+ 12. Qxd2 c6 13. e4 cxd5 14. Qxd5+ Qxd5 15. exd5 h6 16. Nf3 Bg4 17. Be2 Nd7 18. 0-0-0 Rae8 19. Rhe1 Re3 20. d6 Rfe8 21. Bc4+ Kf8 22. Rxe3 Rxe3 23. Rd3 Re4 24. Bd5 Re2 25. Nd4 Re1+ 26. Kd2 Rd1+ 27. Kc3 1-0

[Event "Titled Tuesday intern op 22nd Dec"]
[Site "Chess.com INT"]
[Date "2020.12.22"]
[Round "7"]
[White "Csonka, Balazs"]
[Black "Pavlovic, Dejan S"]
[Result "1/2-1/2"]
[WhiteElo "2498"]
[BlackElo "2370"]
[PlyCount "93"]
[EventDate "2020.12.22"]
[EventType "swiss (blitz)"]
[EventRounds "11"]
[EventCountry "USA"]
[SourceTitle "CBM 199 Extra"]
[Source "ChessBase"]
[SourceDate "2021.01.31"]
[SourceVersion "1"]
[SourceVersionDate "2021.01.31"]
[SourceQuality "1"]

1. e4 c5 2. Nf3 Nc6 3. Bb5 g6 4. 0-0 Bg7 5. c3 Nf6 6. Re1 0-0 7. d4 d5 8. e5 Ne4 9. Be3 cxd4 10. cxd4 Qb6 11. Bxc6 Qxc6 12. Nfd2 Nxd2 13. Qxd2 Bf5 14. Nc3 Rac8 15. Bh6 b5 16. Bxg7 Kxg7 17. a3 a5 18. Rac1 Qb7 19. Ne2 b4 20. h4 Rc4 21. h5 Rfc8 22. h6+ Kf8 23. Nf4 Rc2 24. Rxc2 Rxc2 25. Qe3 Rxb2 26. e6 bxa3 27. exf7 Rb1 28. Kh2 Rxe1 29. Qxe1 Qc7 30. g3 Kxf7 31. Nxd5 Qd6 32. Qxa5 g5 33. Ne3 Qxh6+ 34. Kg2 Be4+ 35. f3 Bc6 36. Qxa3 Qf6 37. Qb3+ e6 38. d5 Bxd5 39. Nxd5 exd5 40. Qxd5+ Kg6 41. Qd3+ Kh6 42. Qd2 Qe5 43. f4 gxf4 44. gxf4 Qf5 45. Kg3 Kg6 46. Qd6+ Qf6 47. Qxf6+ 1/2-1/2

[Event "Titled Tuesday intern op 22nd Dec"]
[Site "Chess.com INT"]
[Date "2020.12.22"]
[Round "1"]
[White "Pavlovic, Dejan S"]
[Black "Chigaev, Maksim"]
[Result "0-1"]
[WhiteElo "2370"]
[BlackElo "2619"]
[PlyCount "88"]
[EventDate "2020.12.22"]
[EventType "swiss (blitz)"]
[EventRounds "11"]
[EventCountry "USA"]
[SourceTitle "CBM 199 Extra"]
[Source "ChessBase"]
[SourceDate "2021.01.31"]
[SourceVersion "1"]
[SourceVersionDate "2021.01.31"]
[SourceQuality "1"]

1. e4 c5 2. Nf3 e6 3. d4 cxd4 4. Nxd4 Nc6 5. Nc3 Qc7 6. Be2 a6 7. 0-0 Nf6 8. Be3 Be7 9. f4 d6 10. Kh1 0-0 11. Qe1 Nxd4 12. Bxd4 b5 13. a3 Bb7 14. Qg3 Rac8 15. Rae1 Bc6 16. Bd3 e5 17. fxe5 Nh5 18. Qf3 dxe5 19. Be3 Nf4 20. Bxf4 exf4 21. Qxf4 Qxf4 22. Rxf4 Bd6 23. Rf5 g6 24. Rff1 Be5 25. Nd1 Rfd8 26. Re2 Kg7 27. Ref2 Rc7 28. h3 h5 29. Rf3 Re7 30. b3 Rdd7 31. Re3 Bd4 32. Re2 Re5 33. Nf2 Rde7 34. Nd1 Bxe4 35. Bxe4 Rxe4 36. Rd2 h4 37. Nf2 Rf4 38. Kg1 Ba7 39. Rd3 Re2 40. Rf3 Rxf3 41. gxf3 Rxc2 42. a4 bxa4 43. bxa4 Kf6 44. f4 Kf5 0-1

[Event "Titled Tuesday intern op 22nd Dec"]
[Site "Chess.com INT"]
[Date "2020.12.22"]
[Round "8"]
[White "Pavlovic, Dejan S"]
[Black "Isajevsky, Anton"]
[Result "1/2-1/2"]
[WhiteElo "2370"]
[BlackElo "2403"]
[PlyCount "92"]
[EventDate "2020.12.22"]
[EventType "swiss (blitz)"]
[EventRounds "11"]
[EventCountry "USA"]
[SourceTitle "CBM 199 Extra"]
[Source "ChessBase"]
[SourceDate "2021.01.31"]
[SourceVersion "1"]
[SourceVersionDate "2021.01.31"]
[SourceQuality "1"]

1. e4 c5 2. Nf3 d6 3. d4 cxd4 4. Nxd4 Nf6 5. Nc3 a6 6. Be2 e5 7. Nb3 Be6 8. f4 exf4 9. Bxf4 Nc6 10. Qd2 Be7 11. 0-0-0 Ne5 12. Nd4 Qd7 13. h3 Rc8 14. g4 Nc4 15. Qd3 0-0 16. Nf5 Rfd8 17. g5 Ne8 18. Bg4 Bf8 19. Nd5 Qb5 20. b3 Bxd5 21. exd5 Na3 22. Nd4 Qxd3 23. Rxd3 Rc7 24. Kb2 Nb5 25. Nxb5 axb5 26. Be3 Re7 27. Bb6 Ra8 28. a3 g6 29. Bd4 Bg7 30. Bxg7 Kxg7 31. Rd4 Re5 32. h4 f5 33. Bf3 Nf6 34. Rhd1 Ne8 35. Rb4 Nc7 36. Rd3 b6 37. Rc3 Ra7 38. Rc6 Nxd5 39. Bxd5 Rxd5 40. Rxb6 Rc7 41. R4xb5 Rd2 42. Rb7 Rdxc2+ 43. Kb1 Rc1+ 44. Kb2 R1c2+ 45. Kb1 Rc1+ 46. Kb2 R1c2+ 1/2-1/2

[Event "Titled Tuesday intern op 22nd Dec"]
[Site "Chess.com INT"]
[Date "2020.12.22"]
[Round "3"]
[White "Pavlovic, Dejan S"]
[Black "Marin Masis, Jose Esteban"]
[Result "1-0"]
[WhiteElo "2370"]
[BlackElo "1938"]
[PlyCount "109"]
[EventDate "2020.12.22"]
[EventType "swiss (blitz)"]
[EventRounds "11"]
[EventCountry "USA"]
[SourceTitle "CBM 199 Extra"]
[Source "ChessBase"]
[SourceDate "2021.01.31"]
[SourceVersion "1"]
[SourceVersionDate "2021.01.31"]
[SourceQuality "1"]

1. e4 c5 2. Nf3 g6 3. d4 cxd4 4. Nxd4 Nc6 5. Nc3 Bg7 6. Be3 Nf6 7. Bc4 0-0 8. Bb3 Qa5 9. 0-0 d6 10. h3 Nxd4 11. Bxd4 Be6 12. Qd3 Rfc8 13. f4 Bxb3 14. axb3 Qd8 15. f5 Nd7 16. fxg6 hxg6 17. Bxg7 Kxg7 18. Qd4+ Ne5 19. Rxa7 Rxa7 20. Qxa7 Qc7 21. Qd4 Qc5 22. Qxc5 Rxc5 23. Ra1 b5 24. Ra5 b4 25. Rxc5 dxc5 26. Na4 Nd7 27. Kf2 Kf6 28. Ke3 Ke5 29. c3 e6 30. Kd3 f5 31. exf5 exf5 32. Kc4 Kf4 33. Nxc5 Nxc5 34. Kxc5 bxc3 35. bxc3 Kg3 36. b4 Kxg2 37. b5 f4 38. b6 f3 39. b7 f2 40. b8Q f1Q 41. Qe5 Qf5 42. Kd4 Qd7+ 43. Kc5 Qc8+ 44. Kd5 Qb7+ 45. Ke6 Qc8+ 46. Kf7 Qf5+ 47. Qf6 Kxh3 48. c4 Qd7+ 49. Kxg6 Qe8+ 50. Qf7 Qc6+ 51. Kg7 Qg2+ 52. Kf8 Qa8+ 53. Ke7 Qb7+ 54. Kf6 Qc6+ 55. Qe6+ 1-0

[Event "Titled Tuesday intern op 22nd Dec"]
[Site "Chess.com INT"]
[Date "2020.12.22"]
[Round "2"]
[White "Yanayt, Eugene"]
[Black "Pavlovic, Dejan S"]
[Result "1-0"]
[WhiteElo "2126"]
[BlackElo "2370"]
[PlyCount "51"]
[EventDate "2020.12.22"]
[EventType "swiss (blitz)"]
[EventRounds "11"]
[EventCountry "USA"]
[SourceTitle "CBM 199 Extra"]
[Source "ChessBase"]
[SourceDate "2021.01.31"]
[SourceVersion "1"]
[SourceVersionDate "2021.01.31"]
[SourceQuality "1"]

1. d4 d5 2. c4 c6 3. Nf3 Nf6 4. Nc3 e6 5. g3 Nbd7 6. Bg2 Be7 7. 0-0 0-0 8. a4 a5 9. Qd3 b6 10. e4 Ba6 11. Nd2 Rc8 12. Rd1 Qc7 13. b3 Rfd8 14. Bb2 Qb8 15. Rac1 Bb4 16. h4 dxc4 17. Nxc4 e5 18. d5 Nc5 19. Qc2 cxd5 20. exd5 e4 21. Nxe4 Ncxe4 22. Bxe4 Nxe4 23. Qxe4 Bc5 24. Be5 Qb7 25. Qg4 g6 26. Qf3 1-0

[Event "Titled Tuesday intern op 03rd Nov"]
[Site "Chess.com INT"]
[Date "2020.11.03"]
[Round "7"]
[White "Pavlovic, Dejan S"]
[Black "Manzone, Alessandro Jr"]
[Result "1-0"]
[WhiteElo "2390"]
[BlackElo "2404"]
[PlyCount "157"]
[EventDate "2020.11.03"]
[EventType "swiss (blitz)"]
[EventRounds "11"]
[EventCountry "USA"]
[SourceTitle "CBM 199 Extra"]
[Source "ChessBase"]
[SourceDate "2021.01.31"]
[SourceVersion "1"]
[SourceVersionDate "2021.01.31"]
[SourceQuality "1"]

1. e4 c5 2. Nf3 e6 3. d4 cxd4 4. Nxd4 Nc6 5. Nc3 Qc7 6. Be2 a6 7. 0-0 Nf6 8. Be3 Bb4 9. Na4 Be7 10. Nxc6 bxc6 11. Nb6 Rb8 12. Nxc8 Qxc8 13. Bd4 c5 14. Be5 Rb6 15. b3 0-0 16. Bd3 d6 17. Bc3 Nd7 18. f4 d5 19. exd5 exd5 20. Qh5 Rh6 21. Qxd5 Bf6 22. Bxf6 Nxf6 23. Qf3 Qe6 24. Rae1 Qd6 25. h3 Qd4+ 26. Qe3 Qd6 27. Qe5 Qb6 28. c4 Qc6 29. Be4 Nxe4 30. Qxe4 Qf6 31. Qe5 Qg6 32. f5 Qg5 33. Rf3 Qd2 34. Re2 Qd1+ 35. Rf1 Qd3 36. Qe3 Qd6 37. Qe5 Qc6 38. Qd5 Qb6 39. Re5 Rf6 40. Qxc5 Qd8 41. Rd5 Qe8 42. Qd4 Qe2 43. Qd2 Qe4 44. Rf4 Qe7 45. Rf2 h5 46. Re2 Qa7+ 47. c5 Qc7 48. b4 h4 49. Rf2 Qg3 50. Rf3 Qc7 51. Rd4 Re8 52. Rxh4 Qe5 53. Rhf4 Qa1+ 54. Rf1 Qe5 55. a3 Qc7 56. Rd4 Qe5 57. Rd8 Kh7 58. Rxe8 Qxe8 59. Qd3 Qe5 60. Rf3 Qe1+ 61. Kh2 Qc1 62. Qe3 Qd1 63. Qf4 Qd5 64. Qh4+ Kg8 65. Qg4 Qe5+ 66. Qg3 Qd5 67. Qb8+ Kh7 68. Rf4 Rh6 69. Qc7 Qb3 70. Rf3 Qc4 71. Qf4 Qd5 72. Rg3 Qd7 73. Qg5 f6 74. Qg4 Qe7 75. Rf3 Qd7 76. Qf4 Qe7 77. Re3 Qd7 78. Re6 Qd2 79. Qxd2 1-0

[Event "SRB-chT 1st League"]
[Site "Bajina Basta"]
[Date "2020.10.14"]
[Round "7.1"]
[White "Jovanovic, Dusan D"]
[Black "Pavlovic, Dejan S"]
[Result "1/2-1/2"]
[WhiteElo "2412"]
[BlackElo "2390"]
[PlyCount "55"]
[EventDate "2020.10.10"]
[EventType "team-tourn"]
[EventRounds "11"]
[EventCountry "SRB"]
[SourceTitle "CBM 198 Extra"]
[Source "ChessBase"]
[SourceDate "2020.11.30"]
[SourceVersion "1"]
[SourceVersionDate "2020.11.30"]
[SourceQuality "1"]
[WhiteTeam "Kostolac Rudar"]
[BlackTeam "Pozega"]
[WhiteTeamCountry "SRB"]
[BlackTeamCountry "SRB"]

1. Nf3 d5 2. b3 Bg4 3. e3 Nd7 4. Bb2 Ngf6 5. Be2 e6 6. c4 c6 7. Nc3 Bd6 8. cxd5 cxd5 9. h3 Bxf3 10. Bxf3 0-0 11. 0-0 Qa5 12. a3 b5 13. e4 d4 14. Ne2 d3 15. Nc3 Rad8 16. g3 Qb6 17. Kh2 Bc5 18. Qe1 Bd4 19. Rb1 e5 20. g4 h6 21. h4 Nc5 22. Nd5 Rxd5 23. exd5 Bxb2 24. Rxb2 e4 25. Bd1 Qd6+ 26. f4 Qxd5 27. g5 Ne8 28. b4 1/2-1/2

[Event "SRB-chT 1st League"]
[Site "Bajina Basta"]
[Date "2020.10.13"]
[Round "6.1"]
[White "Pavlovic, Dejan S"]
[Black "Brankovic, Dejan"]
[Result "0-1"]
[WhiteElo "2390"]
[BlackElo "2300"]
[PlyCount "128"]
[EventDate "2020.10.10"]
[EventType "team-tourn"]
[EventRounds "11"]
[EventCountry "SRB"]
[SourceTitle "CBM 198 Extra"]
[Source "ChessBase"]
[SourceDate "2020.11.30"]
[SourceVersion "1"]
[SourceVersionDate "2020.11.30"]
[SourceQuality "1"]
[WhiteTeam "Pozega"]
[BlackTeam "Paracin"]
[WhiteTeamCountry "SRB"]
[BlackTeamCountry "SRB"]

1. d4 g6 2. e4 Bg7 3. Nc3 c5 4. Nf3 cxd4 5. Nxd4 Nc6 6. Be3 Nf6 7. Bc4 d6 8. f3 Qb6 9. Nf5 Qxb2 10. Nxg7+ Kf8 11. Nd5 Nxd5 12. Bxd5 Kxg7 13. 0-0 Qc3 14. Re1 Bd7 15. Rb1 Rab8 16. Rb3 Qa5 17. Qa1+ f6 18. Reb1 Qc7 19. Qb2 b6 20. Rc3 Rhc8 21. f4 Qd8 22. Rd1 Qe8 23. Bf2 Na5 24. e5 dxe5 25. fxe5 Rxc3 26. Qxc3 Rc8 27. Qd4 Nc6 28. exf6+ exf6 29. Qf4 Qe5 30. Qd2 Be6 31. c4 Rd8 32. Bg3 Qh5 33. h3 b5 34. Qc1 bxc4 35. Bf3 Qa5 36. Kh2 Rxd1 37. Qxd1 Ne5 38. Be4 Qc5 39. Qa4 Bd7 40. Qa6 Qc7 41. Qa3 Bf5 42. Bxf5 gxf5 43. Qc3 Qc5 44. Kh1 Kg6 45. Bf4 Nd3 46. Bg3 f4 47. Bh4 Ne5 48. Qc2+ Nd3 49. Qc3 Ne5 50. Qc2+ f5 51. Bf2 Qd5 52. Bxa7 f3 53. Be3 Nd3 54. a4 Qe4 55. Bb6 Qe1+ 56. Kh2 f2 57. Bxf2 Nxf2 58. Qxc4 Qh1+ 59. Kg3 Ne4+ 60. Kf4 Qh2+ 61. Ke3 Qg3+ 62. Kd4 Qf2+ 63. Ke5 Qb2+ 64. Kf4 Qd2+ 0-1

[Event "SRB-chT Central"]
[Site "Kragujevac"]
[Date "2018.09.17"]
[Round "5.4"]
[White "Pavlovic, Dejan S"]
[Black "Nestorovic, Lazar"]
[Result "0-1"]
[WhiteElo "2396"]
[BlackElo "2353"]
[PlyCount "80"]
[EventDate "2018.09.14"]
[EventType "team-tourn"]
[EventRounds "11"]
[EventCountry "SRB"]
[SourceTitle "CBM 186 Extra"]
[Source "ChessBase"]
[SourceDate "2018.08.24"]
[SourceVersion "1"]
[SourceVersionDate "2018.08.24"]
[SourceQuality "1"]
[WhiteTeam "Pozega"]
[BlackTeam "Vladimirci"]
[WhiteTeamCountry "SRB"]
[BlackTeamCountry "SRB"]

1. e4 c5 2. Nf3 d6 3. d4 cxd4 4. Nxd4 Nf6 5. Nc3 a6 6. Be2 e6 7. 0-0 Be7 8. f4 0-0 9. Be3 Nc6 10. Qe1 Qc7 11. Qg3 Bd7 12. Kh1 b5 13. e5 Ne8 14. Ne4 Kh8 15. Nf3 Nb4 16. Bd4 d5 17. Nd6 Qxc2 18. Ng1 Qg6 19. Qc3 Nxd6 20. exd6 Bxd6 21. a3 Nc6 22. Bd3 Qh6 23. Be3 Rac8 24. Qe1 Qf6 25. Qg3 Qxb2 26. Nf3 g6 27. Rac1 Qg7 28. Qh4 Bxa3 29. Ra1 Be7 30. Qh3 Nb4 31. Ne5 Nxd3 32. Nxd7 Rfd8 33. Nb6 Rc6 34. Rxa6 d4 35. Bg1 Nc5 36. Ra7 Bf6 37. Na8 b4 38. Nc7 b3 39. Qf3 Rb6 40. f5 gxf5 0-1

[Event "SRB-chT 1st League"]
[Site "Banja Vrujci"]
[Date "2017.09.20"]
[Round "6.5"]
[White "Pavlovic, Dejan S"]
[Black "Radovic, Luka"]
[Result "0-1"]
[WhiteElo "2405"]
[BlackElo "2279"]
[PlyCount "70"]
[EventDate "2017.09.16"]
[EventType "team"]
[EventRounds "11"]
[EventCountry "SRB"]
[SourceTitle "CBM 180 Extra"]
[Source "ChessBase"]
[SourceDate "2017.10.06"]
[SourceVersion "1"]
[SourceVersionDate "2017.10.06"]
[SourceQuality "1"]
[WhiteTeam "Pozega"]
[BlackTeam "Kragujevac Radnicki"]
[WhiteTeamCountry "SRB"]
[BlackTeamCountry "SRB"]

1. d4 Nf6 2. Bg5 d5 3. Bxf6 exf6 4. e3 Bd6 5. c4 dxc4 6. Bxc4 0-0 7. Nc3 c6 8. Qc2 f5 9. Nf3 Nd7 10. Bd3 g6 11. h4 Nf6 12. h5 Be6 13. Ng5 Nxh5 14. g4 Qxg5 15. gxh5 Bd5 16. Nxd5 cxd5 17. Qb3 Qg2 18. 0-0-0 Qxf2 19. hxg6 Qxe3+ 20. Kb1 hxg6 21. Qxd5 Qe6 22. Qxb7 Rab8 23. Qg2 Kg7 24. Rdf1 f4 25. Bc2 Qf6 26. Qe4 Rb4 27. Rd1 Bc5 28. Qf3 Bxd4 29. Bb3 Rbb8 30. Rh2 Rh8 31. Rhd2 Rbd8 32. a3 Be3 33. Rd5 Rh2 34. Bc2 Rc8 35. Rd6 Rcxc2 0-1

[Event "SRB-chT 1st League"]
[Site "Banja Vrujci"]
[Date "2017.09.16"]
[Round "1.2"]
[White "Pavlovic, Dejan S"]
[Black "Markovic, Zoran S"]
[Result "0-1"]
[WhiteElo "2405"]
[BlackElo "2335"]
[PlyCount "70"]
[EventDate "2017.09.16"]
[EventType "team"]
[EventRounds "11"]
[EventCountry "SRB"]
[SourceTitle "CBM 180 Extra"]
[Source "ChessBase"]
[SourceDate "2017.10.06"]
[SourceVersion "1"]
[SourceVersionDate "2017.10.06"]
[SourceQuality "1"]
[WhiteTeam "Pozega"]
[BlackTeam "Petrovac Sloga"]
[WhiteTeamCountry "SRB"]
[BlackTeamCountry "SRB"]

1. e4 c5 2. Nf3 Nc6 3. Nc3 Nf6 4. d4 cxd4 5. Nxd4 e5 6. Ndb5 d6 7. Bg5 a6 8. Bxf6 gxf6 9. Na3 b5 10. Nd5 f5 11. c3 Bg7 12. Bd3 Be6 13. 0-0 0-0 14. Qh5 f4 15. Rfd1 Rb8 16. Nc2 Qd7 17. Be2 f5 18. Bf3 a5 19. a3 Ne7 20. Rd2 Bxd5 21. exd5 Rf6 22. Bd1 Rh6 23. Qe2 Ng6 24. a4 bxa4 25. Ne1 e4 26. Bxa4 Qd8 27. f3 e3 28. Rc2 Qh4 29. h3 Qg3 30. Kh1 Nh4 31. Bd7 Nxg2 32. Bxf5 Nh4 33. Bg4 Kh8 34. Nd3 Nxf3 35. Nxf4 Qxg4 0-1

[Event "SRB-chT"]
[Site "Kragujevac"]
[Date "2016.09.27"]
[Round "6.5"]
[White "Pavlovic, Dejan S"]
[Black "Rabrenovic, Vladan"]
[Result "1-0"]
[WhiteElo "2387"]
[BlackElo "2334"]
[PlyCount "81"]
[EventDate "2016.09.22"]
[EventType "team-tourn"]
[EventRounds "11"]
[EventCountry "SRB"]
[SourceTitle "CBM 174 Extra"]
[Source "ChessBase"]
[SourceDate "2016.10.10"]
[SourceVersion "1"]
[SourceVersionDate "2016.10.10"]
[SourceQuality "1"]
[WhiteTeam "Pozega"]
[BlackTeam "Metalac"]
[WhiteTeamCountry "SRB"]
[BlackTeamCountry "SRB"]

1. e4 d6 2. d4 Nf6 3. Nc3 e5 4. Nf3 Nbd7 5. Bc4 Be7 6. 0-0 0-0 7. Re1 c6 8. a4 exd4 9. Nxd4 Ne5 10. Ba2 Re8 11. h3 Qa5 12. f4 Ng6 13. Qd3 Bd8 14. Nf3 Bb6+ 15. Kh1 Qh5 16. Bd2 d5 17. f5 Ng4 18. Nd1 N6e5 19. Nxe5 Nxe5 20. Qg3 dxe4 21. Rxe4 Qxf5 22. Nc3 Bd7 23. Re2 Bc7 24. Rae1 Kh8 25. Ne4 f6 26. Bf4 Qg6 27. Qh2 b6 28. Re3 Be6 29. Bb1 Nc4 30. R3e2 Bxf4 31. Qxf4 Bd5 32. c3 Qh5 33. Kg1 Re6 34. b3 Ne5 35. Ng3 Qf7 36. c4 Nxc4 37. bxc4 Rxe2 38. Rxe2 Bxc4 39. Re3 g6 40. Ne4 Bb3 41. Nd6 1-0

[Event "SRB-chT"]
[Site "Kragujevac"]
[Date "2016.09.25"]
[Round "4.6"]
[White "Roganovic, Milos"]
[Black "Pavlovic, Dejan S"]
[Result "1/2-1/2"]
[WhiteElo "2484"]
[BlackElo "2387"]
[PlyCount "85"]
[EventDate "2016.09.22"]
[EventType "team-tourn"]
[EventRounds "11"]
[EventCountry "SRB"]
[SourceTitle "CBM 174 Extra"]
[Source "ChessBase"]
[SourceDate "2016.10.10"]
[SourceVersion "1"]
[SourceVersionDate "2016.10.10"]
[SourceQuality "1"]
[WhiteTeam "Jelica PEP"]
[BlackTeam "Pozega"]
[WhiteTeamCountry "SRB"]
[BlackTeamCountry "SRB"]

1. e4 c5 2. Nf3 Nc6 3. Bb5 g6 4. Bxc6 dxc6 5. h3 Bg7 6. d3 b6 7. Nc3 Nh6 8. 0-0 0-0 9. Bf4 f6 10. Qd2 Nf7 11. e5 fxe5 12. Bg3 c4 13. dxc4 Qxd2 14. Nxd2 Bf5 15. Nde4 Nd6 16. Rfe1 Nxc4 17. b3 Nd6 18. f3 Rad8 19. Re2 Nf7 20. a4 a5 21. Bf2 Rb8 22. Rb1 Rfd8 23. b4 Nd6 24. Bh4 Bxe4 25. Nxe4 Nf5 26. Bg5 h6 27. Be3 axb4 28. Rxb4 Nd4 29. Rd2 b5 30. a5 e6 31. c3 Nf5 32. Rxd8+ Rxd8 33. Bb6 Rd1+ 34. Kf2 Ra1 35. Rb2 Ne7 36. c4 bxc4 37. Bc5 Nd5 38. Rb8+ Kh7 39. Rb7 Ra2+ 40. Kg1 Kg8 41. Rb8+ Kh7 42. Rb7 Kg8 43. Rb8+ 1/2-1/2

[Event "SRB-chT"]
[Site "Kragujevac"]
[Date "2016.09.24"]
[Round "3.1"]
[White "Pavlovic, Dejan S"]
[Black "Krstic, Petar"]
[Result "1/2-1/2"]
[WhiteElo "2387"]
[BlackElo "2333"]
[PlyCount "80"]
[EventDate "2016.09.22"]
[EventType "team-tourn"]
[EventRounds "11"]
[EventCountry "SRB"]
[SourceTitle "CBM 174 Extra"]
[Source "ChessBase"]
[SourceDate "2016.10.10"]
[SourceVersion "1"]
[SourceVersionDate "2016.10.10"]
[SourceQuality "1"]
[WhiteTeam "Pozega"]
[BlackTeam "Spartak"]
[WhiteTeamCountry "SRB"]
[BlackTeamCountry "SRB"]

1. e4 d6 2. d4 Nf6 3. Nc3 e5 4. Nf3 Nbd7 5. Bc4 Be7 6. 0-0 0-0 7. Re1 c6 8. a4 a5 9. Ba2 exd4 10. Nxd4 Nc5 11. Bf4 Ne6 12. Be3 Nxd4 13. Qxd4 Ng4 14. Bf4 Qc7 15. Rad1 Ne5 16. Bg3 Bg4 17. Rd2 h5 18. h3 h4 19. Bh2 Bh5 20. Nd1 Rad8 21. Kh1 Bf6 22. Qe3 Rfe8 23. Nc3 Ng6 24. f3 Be5 25. Bxe5 dxe5 26. Red1 Nf4 27. Ne2 Rxd2 28. Qxd2 Nxe2 29. Qxe2 Rd8 30. Rd2 Kf8 31. Qe3 Rxd2 32. Qxd2 f6 33. Qf2 g5 34. Qa7 Bf7 35. Qa8+ Kg7 36. Bxf7 Kxf7 37. Qh8 Qb6 38. Qh7+ Ke6 39. Qg8+ Ke7 40. Qg7+ Ke6 1/2-1/2

[Event "Budapest FS04 IM"]
[Site "Budapest"]
[Date "2016.04.12"]
[Round "11"]
[White "Pavlovic, Dejan S"]
[Black "Franchini, Gabriele"]
[Result "1-0"]
[WhiteElo "2383"]
[BlackElo "2193"]
[PlyCount "65"]
[EventDate "2016.04.02"]
[EventType "tourn"]
[EventRounds "11"]
[EventCountry "HUN"]
[SourceTitle "CBM 171 Extra"]
[Source "ChessBase"]
[SourceDate "2016.04.26"]
[SourceVersion "1"]
[SourceVersionDate "2016.04.26"]
[SourceQuality "1"]

1. e4 e5 2. Nf3 Nc6 3. d4 exd4 4. Nxd4 Nf6 5. Nxc6 bxc6 6. Qe2 a5 7. e5 Ba6 8. Qf3 Nd5 9. Bxa6 Rxa6 10. 0-0 Qh4 11. Nd2 Be7 12. Re1 f5 13. exf6 Qxf6 14. Qe2 c5 15. Ne4 Qe6 16. Bg5 Bxg5 17. Qh5+ Qg6 18. Nd6+ Kd8 19. Qxg6 hxg6 20. Nf7+ Kc8 21. Nxh8 Nb4 22. Re2 Bf6 23. c3 Nd3 24. Rd1 Nf4 25. Re8+ Kb7 26. g3 Ne6 27. Rxd7 g5 28. Nf7 a4 29. a3 Rb6 30. Rd5 g4 31. Ne5 Ng5 32. Nc4 Rb5 33. Kg2 1-0

[Event "Budapest FS04 IM"]
[Site "Budapest"]
[Date "2016.04.07"]
[Round "5"]
[White "Pavlovic, Dejan S"]
[Black "Jovanovic, Dusan D"]
[Result "1/2-1/2"]
[WhiteElo "2383"]
[BlackElo "2394"]
[PlyCount "43"]
[EventDate "2016.04.02"]
[EventType "tourn"]
[EventRounds "11"]
[EventCountry "HUN"]
[SourceTitle "CBM 171 Extra"]
[Source "ChessBase"]
[SourceDate "2016.04.26"]
[SourceVersion "1"]
[SourceVersionDate "2016.04.26"]
[SourceQuality "1"]

1. d4 Nf6 2. c4 g6 3. Nc3 Bg7 4. e4 d6 5. Nf3 0-0 6. Be2 e5 7. 0-0 Nc6 8. d5 Ne7 9. b4 Nh5 10. Re1 f5 11. Ng5 Nf6 12. Bf3 c6 13. b5 h6 14. Ne6 Bxe6 15. dxe6 fxe4 16. Nxe4 Nxe4 17. Bxe4 d5 18. Ba3 dxe4 19. Qxd8 Rfxd8 20. Bxe7 Re8 21. Bh4 Rxe6 22. Rxe4 1/2-1/2